000
00332nam a2200145Ia 4500
008
150201s2004 xx 000 0 und d
082
_a
617.5
_b
C2004D
100
_a
S.DAS
245
_a
CLINICAL SURGERY
250
_a
6TH
260
_b
S.DAS PUBLICATION
_a
DELHI
_c
2004
300
_a
1-478
650
_a
SURGERY
942
_2
ddc
_c
BK
_0
12
999
_c
3170
_d
3170